[Event "3rd Gujarat GM Open 2022"]
[Site "Ahmedabad"]
[Date "2022.04.06"]
[Round "9.18"]
[White "Santu, Mondal"]
[Black "Raahul V S"]
[Result "0-1"]
[WhiteElo "2063"]
[BlackElo "2478"]
[Annotator "TA"]
[PlyCount "108"]
[EventDate "2022.03.31"]
[EventType "swiss"]
[EventCountry "IND"]
[SourceTitle "playchess.com"]
[Source "ChessBase"]
[SourceQuality "1"]
[TimeControl "5400+30"]

{[%evp 58,108,71,0,0,0,0,-38,-44,-39,-33,-50,-50,-39,-33,-34,-34,-34,-34,-37,-47,-91,-91,-83,-70,-137,-53,-48,-54,-63,-48,-80,-87,-229,-180,-131,-143,-390,-390,-296,-226,-640,-619,-585,-536,-612,-445,-893,-847,-1035,-983,-1132,-826]} 1. d4 {[%emt 0:00:30]} d5 {[%emt 0:08:41]} 2. Nf3 {[%emt 0:00:31]} Nf6 {[%emt 0:00:07]} 3. c4 {[%emt 0:00:20]} c6 {[%emt 0:00:26]} 4. g3 {[%emt 0:00:31]} dxc4 {[%emt 0:00:12]} 5. Bg2 {[%emt 0:00:32]} Nbd7 {[%emt 0:00:12]} 6. a4 {[%emt 0:00:36]} a5 {[%emt 0:00:06]} 7. O-O {[%emt 0:02:20]} Nb6 {[%emt 0:00:35]} 8. Qc2 {[%emt 0:05:57]} Nfd5 {[%emt 0:01:11]} 9. e4 {[%emt 0:04:03]} Nb4 {[%emt 0:02:24]} 10. Qe2 {[%emt 0:00:10]} e5 {[%emt 0:10:06]} 11. Be3 {[%emt 0:07:15]} exd4 {[%emt 0:17:02]} 12. Nxd4 {[%emt 0:00:40]} Bc5 {[%emt 0:08:24]} 13. Rd1 {[%emt 0:16:25]} Qe7 {[%emt 0:04:52]} 14. Nd2 {[%emt 0:13:33]} Nd3 {[%emt 0:14:31]} 15. b3 {[%emt 0:10:04]} Ne5 {[%emt 0:03:24]} 16. Nxc4 {[%emt 0:00:58]} Nbxc4 {[%emt 0:06:24]} 17. bxc4 {[%emt 0:00:17]} O-O {[%emt 0:03:20]} 18. Rab1 {[%emt 0:04:56]} Ng4 {[%emt 0:03:27]} 19. Nf5 {[%emt 0:04:09]} Bxf5 {[%emt 0:00:57]} 20. Bxc5 {[%emt 0:00:07]} Qxc5 {[%emt 0:00:22]} 21. exf5 {[%emt 0:00:06]} Ne5 {[%emt 0:02:07]} 22. f6 {[%emt 0:02:15]} gxf6 {[%emt 0:01:16]} 23. Qh5 {[%emt 0:03:50]} Qxc4 {[%emt 0:01:48]} 24. Qh6 {[%emt 0:01:07]} Ng4 {[%emt 0:04:19]} 25. Qh4 {[%emt 0:01:27]} Kg7 {[%emt 0:00:44]} 26. Rd6 {[%emt 0:01:10]} Rad8 {[%emt 0:02:49]} 27. Rxf6 {[%emt 0:00:15]} Ne5 {[%emt 0:00:20]} 28. Qh6+ {[%emt 0:06:46]} Kg8 {[%emt 0:00:19]} 29. Rf4 {[%emt 0:06:35]} Rd4 {[%emt 0:03:18]} 30. Qf6 {[%emt 0:03:56]} ({White should play} 30. Bf1 $16 Qd5 31. Rf5 (31. Rxb7 Rd1 $11)) 30... Rxf4 $11 {[%emt 0:00:38]} 31. gxf4 {[%emt 0:00:17]} Qc2 {[%emt 0:00:53]} 32. Re1 {[%emt 0:00:43]} (32. Qg5+ Ng6 33. Rxb7 Qxa4 $15) 32... Qxf2+ {[%emt 0:00:12]} 33. Kxf2 {[%emt 0:00:57]} Ng4+ {[%emt 0:00:01]} 34. Kg3 {[%emt 0:00:20]} Nxf6 {[%emt 0:00:02]} 35. Rb1 $1 {[%emt 0:00:14]} Rd8 {[%emt 0:00:55]} 36. Rxb7 {[%emt 0:00:13]} Rd3+ {[%emt 0:00:02]} 37. Kh4 {[%emt 0:00:28]} Nd5 {[%emt 0:01:59]} 38. Kg5 {[%emt 0:01:48]} Kg7 {[%emt 0:00:13]} 39. Bxd5 {[%emt 0:01:13]} Rxd5+ {[%emt 0:00:02]} ({Of course not} 39... cxd5 $6 40. Ra7 $11) 40. Kg4 {[%emt 0:00:10]} h5+ {[%emt 0:01:12]} 41. Kg3 {[%emt 0:01:23] [#]} (41. Kf3 $15) 41... Rd4 {[%emt 0:00:35]} (41... Kg6 $1 $17 {Hoping for ...Rd3+.} 42. Ra7 f6) 42. Rb6 $1 $15 {[%emt 0:00:27]} Rc4 {[%emt 0:00:09]} ({And not} 42... Rxa4 43. Rxc6 f6 44. Kf3 $17) 43. Ra6 $1 {[%emt 0:00:00]} Rc5 {[%emt 0:00:00]} ({Not} 43... Rxa4 44. Rxc6 f6 45. Rc5 $17) 44. Ra7 {[%emt 0:00:00]} Kg6 {[%emt 0:00:03]} 45. Rc7 {[%emt 0:02:22]} (45. Kh4 $17) 45... f6 {[%emt 0:00:46]} 46. Ra7 {[%emt 0:00:54]} Kf5 {[%emt 0:00:06]} 47. Kf3 $2 {[%emt 0:00:14]} (47. h3 $17) 47... h4 $19 {[%emt 0:00:31]} 48. Ke3 {[%emt 0:00:52]} Kg4 {[%emt 0:00:08]} 49. Rh7 $2 {[%emt 0:00:32]} (49. Rg7+ Kf5 50. Ra7) 49... Rc3+ $19 {[%emt 0:00:34]} 50. Kd4 {[%emt 0:00:26]} Rf3 {[%emt 0:00:37]} 51. Rg7+ {[%emt 0:00:13]} Kf5 {[%emt 0:00:22]} 52. Kc5 {[%emt 0:00:21]} (52. Rc7 $142) 52... Rxf4 $19 {[%emt 0:00:04]} 53. Kxc6 {[%emt 0:00:06]} Rxa4 {[%emt 0:00:02]} 54. Kb5 {[%emt 0:00:06]} Ra2 {[%emt 0:00:13]} 0-1

[Event "3rd Gujarat GM Open 2022"]
[Site "Ahmedabad"]
[Date "2022.04.07"]
[Round "10.1"]
[White "Nigmatov, Ortik"]
[Black "Neelotpal, Das"]
[Result "1/2-1/2"]
[WhiteElo "2445"]
[BlackElo "2409"]
[Annotator "TA"]
[PlyCount "80"]
[EventDate "2022.03.31"]
[EventType "swiss"]
[EventCountry "IND"]
[SourceTitle "playchess.com"]
[Source "ChessBase"]
[SourceQuality "1"]
[TimeControl "5400+30"]

{[%evp 41,80,-27,56,35,38,19,20,9,16,19,21,20,23,22,23,18,21,16,16,16,16,16,17,18,18,18,20,10,10,12,13,0,3,0,0,0,32,31,30,29,33]} 1. e4 {[%emt 0:01:06]} e5 {[%emt 0:00:08]} 2. Nf3 {[%emt 0:00:07]} Nc6 {[%emt 0:00:05]} 3. Bc4 {[%emt 0:00:04]} Bc5 {[%emt 0:00:20]} 4. c3 {[%emt 0:00:05]} Nf6 {[%emt 0:00:03]} 5. d3 {[%emt 0:00:04]} O-O {[%emt 0:00:11]} 6. O-O {[%emt 0:00:04]} d5 {[%emt 0:00:04]} 7. exd5 {[%emt 0:00:04]} Nxd5 {[%emt 0:00:03]} 8. Re1 {[%emt 0:00:07]} Nb6 {[%emt 0:00:59]} 9. Bb3 {[%emt 0:00:32]} Bg4 {[%emt 0:13:08]} 10. h3 {[%emt 0:01:09]} Bh5 {[%emt 0:00:08]} 11. Nbd2 {[%emt 0:00:07]} Bd6 {[%emt 0:14:52]} 12. Ne4 {[%emt 0:03:37]} Kh8 {[%emt 0:00:32]} 13. Ng3 {[%emt 0:04:34]} Bxf3 {[%emt 0:08:31]} 14. Qxf3 {[%emt 0:00:06]} f5 {[%emt 0:00:08]} 15. a4 {[%emt 0:12:31]} a5 {[%emt 0:01:40]} 16. Nf1 {[%emt 0:04:42]} Qd7 {[%emt 0:03:15]} 17. Be3 {[%emt 1:10:01]} Rae8 {[%emt 0:02:03]} 18. Qh5 {[%emt 0:00:00]} Ne7 {[%emt 0:09:04]} 19. Nd2 {[%emt 0:00:00]} Nbd5 {[%emt 0:05:18]} 20. Bg5 {[%emt 0:00:00]} Nf6 {[%emt 0:10:23]} 21. Bxf6 {[%emt 0:00:00]} gxf6 {[%emt 0:01:18]} (21... Rxf6 $11 22. Nf3 Ng6) 22. Bf7 {[%emt 0:00:00]} (22. Nc4 $5 {[%cal Rc4a5]}) 22... Rd8 {[%emt 0:04:23]} 23. Nf3 {[%emt 0:00:00]} Kg7 $1 {[%emt 0:01:15]} 24. Bc4 {[%emt 0:00:00]} Qe8 {[%emt 0:06:25]} 25. Qxe8 {[%emt 0:00:00]} Rfxe8 {[%emt 0:00:04]} 26. Nh4 {[%emt 0:00:00]} f4 {[%emt 0:00:33]} 27. d4 {[%emt 0:00:00]} exd4 {[%emt 0:01:31]} 28. cxd4 {[%emt 0:00:00]} Bb4 {[%emt 0:02:33]} 29. Re4 {[%emt 0:00:00]} Ng6 {[%emt 0:03:08]} 30. Nf5+ {[%emt 0:00:00]} Kh8 {[%emt 0:01:54]} 31. Rxe8+ {[%emt 0:00:00]} Rxe8 {[%emt 0:00:03]} 32. Rc1 {[%emt 0:00:00]} Ne7 {[%emt 0:02:13]} 33. Bf7 {[%emt 0:00:00]} Rf8 {[%emt 0:00:47]} 34. Be6 {[%emt 0:00:00]} Nxf5 {[%emt 0:00:17]} 35. Bxf5 {[%emt 0:00:00]} Rf7 {[%emt 0:00:33]} 36. d5 {[%emt 0:00:00]} Re7 {[%emt 0:01:19]} 37. Be6 {[%emt 0:00:00]} Bd6 {[%emt 0:00:33]} 38. Kf1 {[%emt 0:00:00]} c6 {[%emt 0:03:06]} 39. dxc6 {[%emt 0:00:00]} bxc6 {[%emt 0:00:03]} 40. Bf5 {[%emt 0:00:00]} Bb4 {[%emt 0:00:26]} 1/2-1/2

[Event "3rd Gujarat GM Open 2022"]
[Site "Ahmedabad"]
[Date "2022.04.07"]
[Round "10.2"]
[White "Anuj Shrivatri"]
[Black "Srihari L R"]
[Result "1-0"]
[WhiteElo "2350"]
[BlackElo "2400"]
[Annotator "TA"]
[PlyCount "149"]
[EventDate "2022.03.31"]
[EventType "swiss"]
[EventCountry "IND"]
[SourceTitle "playchess.com"]
[Source "ChessBase"]
[SourceQuality "1"]
[TimeControl "5400+30"]

{[%evp 101,149,539,590,576,687,691,748,702,696,691,670,630,623,597,758,735,873,796,847,831,753,683,684,676,643,637,565,565,565,553,722,720,664,696,1246,969,1456,1394,1886,1209,1132,1125,29977,29976,29983,29984,29983,29978,29971,875]} 1. d4 {[%emt 0:00:07]} Nf6 {[%emt 0:00:22]} 2. c4 {[%emt 0:00:06]} e6 {[%emt 0:00:05]} 3. Nc3 {[%emt 0:00:12]} Bb4 {[%emt 0:00:57]} 4. f3 {[%emt 0:00:07]} c5 {[%emt 0:01:13]} 5. d5 {[%emt 0:00:07]} b5 {[%emt 0:00:12]} 6. e4 {[%emt 0:00:07]} d6 {[%emt 0:00:29]} 7. Bd2 {[%emt 0:00:09]} Bxc3 {[%emt 0:14:55]} 8. Bxc3 {[%emt 0:00:43]} b4 {[%emt 0:01:35]} 9. Bd2 {[%emt 0:00:08]} O-O {[%emt 0:02:04]} 10. Be3 {[%emt 0:00:52]} Re8 {[%emt 0:04:27]} 11. Ne2 {[%emt 0:13:31]} Ba6 {[%emt 0:10:03]} 12. Ng3 {[%emt 0:09:16]} exd5 {[%emt 0:00:34]} 13. cxd5 {[%emt 0:00:13]} Bxf1 {[%emt 0:00:41]} 14. Rxf1 {[%emt 0:01:16]} Nbd7 {[%emt 0:00:50]} 15. Kf2 {[%emt 0:04:44]} Nb6 {[%emt 0:05:38]} 16. Bf4 {[%emt 0:04:27]} Nfd7 {[%emt 0:05:26]} 17. b3 {[%emt 0:13:21]} Ne5 {[%emt 0:06:38]} 18. Kg1 {[%emt 0:04:03]} f6 {[%emt 0:12:01]} 19. Be3 {[%emt 0:10:13]} Qd7 {[%emt 0:03:35]} 20. f4 {[%emt 0:10:32]} Nf7 {[%emt 0:12:18]} 21. Qf3 {[%emt 0:01:45]} Kh8 {[%emt 0:03:40]} 22. Rae1 {[%emt 0:03:50]} a5 {[%emt 0:01:30]} 23. Nh5 {[%emt 0:01:09]} f5 {[%emt 0:05:14]} 24. Bc1 {[%emt 0:01:32]} fxe4 {[%emt 0:00:09]} 25. Qg3 {[%emt 0:01:11]} Nh6 {[%emt 0:01:16]} 26. f5 {[%emt 0:00:30]} Re5 {[%emt 0:01:10]} 27. Bb2 {[%emt 0:01:00]} Nxd5 {[%emt 0:04:05]} 28. Bxe5 {[%emt 0:01:37]} dxe5 {[%emt 0:00:02]} 29. Rd1 {[%emt 0:01:16]} Qf7 {[%emt 0:02:17]} 30. Rxd5 {[%emt 0:00:42]} Qxh5 {[%emt 0:00:15]} 31. Rxe5 {[%emt 0:02:45]} Ng4 {[%emt 0:00:48]} 32. Rxe4 {[%emt 0:01:17]} Nf6 {[%emt 0:00:07]} 33. Re7 {[%emt 0:02:34]} Rg8 {[%emt 0:00:06]} 34. h3 {[%emt 0:00:48]} Nd5 {[%emt 0:01:05]} 35. Re5 {[%emt 0:01:00]} Qf7 {[%emt 0:00:19]} 36. Qf3 {[%emt 0:01:05]} Nf6 {[%emt 0:00:20]} 37. Qc6 {[%emt 0:00:37]} c4 {[%emt 0:01:42]} 38. Qxc4 {[%emt 0:00:35]} Qa7+ {[%emt 0:00:33]} 39. Qc5 {[%emt 0:00:23]} Qd7 {[%emt 0:00:08]} 40. Qe3 {[%emt 0:01:10]} a4 {[%emt 0:00:10]} 41. bxa4 {[%emt 0:01:40]} Qxa4 {[%emt 0:00:07]} 42. Qb3 {[%emt 0:00:48]} Qa7+ {[%emt 0:00:07]} 43. Kh1 {[%emt 0:00:18]} Qd4 {[%emt 0:00:03]} 44. Qe3 {[%emt 0:00:38]} Qc4 {[%emt 0:00:14]} 45. Rf2 {[%emt 0:00:24]} h6 {[%emt 0:00:52]} 46. Rc5 {[%emt 0:00:33]} Qh4 {[%emt 0:00:41]} 47. Qf4 {[%emt 0:00:43]} Qh5 {[%emt 0:00:05]} 48. Rc1 {[%emt 0:00:31]} Re8 {[%emt 0:01:56]} 49. Qxb4 {[%emt 0:00:31]} Re3 {[%emt 0:01:56]} 50. Qb8+ {[%emt 0:00:32]} Kh7 {[%emt 0:00:00]} 51. Qf4 {[%emt 0:00:37]} Qe8 {[%emt 0:00:23]} 52. Kh2 {[%emt 0:00:28]} Re4 {[%emt 0:00:22]} 53. Qg3 {[%emt 0:00:13]} Nh5 {[%emt 0:00:43]} 54. Qg6+ {[%emt 0:00:06]} Qxg6 {[%emt 0:00:06]} 55. fxg6+ {[%emt 0:00:07]} Kxg6 {[%emt 0:00:02]} 56. Ra1 {[%emt 0:00:45]} Ra4 {[%emt 0:00:01]} 57. a3 {[%emt 0:00:07]} Nf6 {[%emt 0:00:29]} 58. Rb2 {[%emt 0:00:05]} Nd5 {[%emt 0:00:09]} 59. Rb5 {[%emt 0:00:11]} Ne3 {[%emt 0:00:15]} 60. Rb4 {[%emt 0:00:30]} Ra6 {[%emt 0:01:16]} 61. Ra2 {[%emt 0:00:21]} Nd5 {[%emt 0:01:30]} 62. Rg4+ {[%emt 0:00:06]} Kf7 {[%emt 0:00:28]} 63. a4 {[%emt 0:00:08]} Ra5 {[%emt 0:00:22]} 64. Rb2 {[%emt 0:00:40]} Ra7 {[%emt 0:00:34]} 65. Rd4 {[%emt 0:00:27]} Nc3 {[%emt 0:00:40]} 66. Rc4 {[%emt 0:00:19]} Nd5 {[%emt 0:00:20]} 67. Rb5 {[%emt 0:00:29]} Ne3 {[%emt 0:00:09]} 68. Re4 {[%emt 0:00:39]} Nd1 {[%emt 0:00:20]} 69. Rb3 {[%emt 0:00:21]} Rc7 {[%emt 0:00:52]} 70. Re1 {[%emt 0:00:20]} Rd7 {[%emt 0:00:16]} 71. a5 {[%emt 0:00:17]} Rd2 {[%emt 0:00:11]} 72. a6 {[%emt 0:00:29]} Nf2 {[%emt 0:00:08]} 73. a7 {[%emt 0:11:37]} Ra2 {[%emt 0:00:06]} 74. Rf3+ {[%emt 0:00:00]} Kg8 {[%emt 0:00:03]} 75. Re8+ {[%emt 0:00:00]} 1-0

[Event "3rd Gujarat GM Open 2022"]
[Site "Ahmedabad"]
[Date "2022.04.07"]
[Round "10.3"]
[White "Abdisalimov, Abdimalik"]
[Black "Stany, G.A."]
[Result "1/2-1/2"]
[WhiteElo "2435"]
[BlackElo "2517"]
[Annotator "TA"]
[PlyCount "220"]
[EventDate "2022.03.31"]
[EventType "swiss"]
[EventCountry "IND"]
[SourceTitle "playchess.com"]
[Source "ChessBase"]
[SourceQuality "1"]
[TimeControl "5400+30"]

{[%evp 185,220,0,0,0,0,-8,-8,-8,0,0,0,0,0,0,0,0,0,0,0,0,0,-8,0,-8,0,-8,-8,-8,-29955,-29987,-8,-29988,-8,-8,-8,-8,0]} 1. e4 {[%emt 0:01:27]} c5 {[%emt 0:00:42]} 2. Nf3 {[%emt 0:00:09]} Nc6 {[%emt 0:00:06]} 3. d4 {[%emt 0:00:04]} cxd4 {[%emt 0:00:04]} 4. Nxd4 {[%emt 0:00:04]} Nf6 {[%emt 0:05:35]} 5. Nc3 {[%emt 0:00:31]} e5 {[%emt 0:00:05]} 6. Ndb5 {[%emt 0:00:07]} d6 {[%emt 0:00:04]} 7. Nd5 {[%emt 0:04:04]} Nxd5 {[%emt 0:00:07]} 8. exd5 {[%emt 0:00:03]} Nb8 {[%emt 0:00:16]} 9. c4 {[%emt 0:00:05]} a6 {[%emt 0:02:43]} 10. Nc3 {[%emt 0:00:05]} Be7 {[%emt 0:00:16]} 11. Be2 {[%emt 0:02:45]} O-O {[%emt 0:00:08]} 12. O-O {[%emt 0:00:03]} f5 {[%emt 0:02:47]} 13. f4 {[%emt 0:00:57]} Nd7 {[%emt 0:00:08]} 14. Kh1 {[%emt 0:01:10]} Bf6 {[%emt 0:05:20]} 15. Be3 {[%emt 0:01:58]} b6 {[%emt 0:21:31]} 16. Rc1 {[%emt 0:01:07]} Bb7 {[%emt 0:14:30]} 17. b4 {[%emt 0:00:50]} Rc8 {[%emt 0:00:13]} 18. Na4 {[%emt 0:12:57]} Kh8 {[%emt 0:08:53]} 19. Qd2 {[%emt 0:01:40]} g6 {[%emt 0:03:27]} 20. Rfd1 {[%emt 0:00:09]} Re8 {[%emt 0:05:00]} 21. Bf1 {[%emt 0:00:05]} exf4 {[%emt 0:05:35]} 22. Bxf4 {[%emt 0:00:10]} Be5 {[%emt 0:04:24]} 23. Bxe5+ {[%emt 0:02:01]} Rxe5 {[%emt 0:00:15]} 24. Qd4 {[%emt 0:00:28]} Kg8 {[%emt 0:00:54]} 25. Re1 {[%emt 0:08:15]} Qe7 {[%emt 0:08:45]} 26. Red1 {[%emt 0:08:11]} b5 {[%emt 0:05:17]} 27. cxb5 {[%emt 0:10:20]} Rxc1 {[%emt 0:00:06]} 28. Rxc1 {[%emt 0:00:03]} axb5 {[%emt 0:00:04]} 29. Nc3 {[%emt 0:01:08]} Nf6 {[%emt 0:00:06]} 30. h3 {[%emt 0:02:56]} Nxd5 {[%emt 0:00:41]} 31. Nxd5 {[%emt 0:00:38]} Bxd5 {[%emt 0:00:53]} 32. Kh2 {[%emt 0:01:35]} Bxa2 {[%emt 0:07:35]} 33. Rc8+ {[%emt 0:00:31]} Kg7 {[%emt 0:00:00]} 34. Ra8 {[%emt 0:00:45]} Bf7 {[%emt 0:00:00]} 35. Bxb5 {[%emt 0:00:30]} Qb7 {[%emt 0:00:00]} 36. Ra5 {[%emt 0:00:01]} Qe4 {[%emt 0:00:00]} 37. Qc3 {[%emt 0:00:56]} Qf4+ {[%emt 0:00:00]} 38. Kg1 {[%emt 0:00:01]} Qe3+ {[%emt 0:00:00]} 39. Qxe3 {[%emt 0:00:04]} Rxe3 {[%emt 0:00:00]} 40. Bc6 {[%emt 0:00:11]} Rb3 {[%emt 0:00:11]} 41. Ra7 {[%emt 0:00:06]} Rb1+ {[%emt 0:00:04]} 42. Kf2 {[%emt 0:00:15]} Kf6 {[%emt 0:00:05]} 43. b5 {[%emt 0:00:38]} Bc4 {[%emt 0:00:48]} 44. Rb7 {[%emt 0:01:00]} d5 {[%emt 0:00:21]} 45. Rxh7 {[%emt 0:00:22]} f4 {[%emt 0:00:32]} 46. g3 {[%emt 0:02:06]} Rb2+ {[%emt 0:00:21]} 47. Kf3 {[%emt 0:00:15]} Rb3+ {[%emt 0:00:20]} 48. Kf2 {[%emt 0:00:01]} fxg3+ {[%emt 0:02:58]} 49. Kg2 {[%emt 0:00:01]} Ke5 {[%emt 0:00:24]} 50. Rd7 {[%emt 0:02:02]} g5 {[%emt 0:01:14]} 51. Rd8 {[%emt 0:01:42]} Kd4 {[%emt 0:00:29]} 52. Rg8 {[%emt 0:01:06]} Bd3 {[%emt 0:00:12]} 53. Bxd5 {[%emt 0:00:14]} Kxd5 {[%emt 0:00:26]} 54. Rxg5+ {[%emt 0:00:02]} Ke4 {[%emt 0:00:39]} 55. Rg4+ {[%emt 0:00:23]} Kf5 {[%emt 0:00:13]} 56. Rxg3 {[%emt 0:00:12]} Rb2+ {[%emt 0:00:23]} 57. Kf3 {[%emt 0:00:23]} Bxb5 {[%emt 0:00:47]} 58. h4 {[%emt 0:00:04]} Be2+ {[%emt 0:01:24]} 59. Ke3 {[%emt 0:00:02]} Bg4 {[%emt 0:00:20]} 60. h5 {[%emt 0:00:10]} Rh2 {[%emt 0:00:32]} 61. h6 {[%emt 0:00:14]} Rxh6 {[%emt 0:00:12]} 62. Kd4 {[%emt 0:00:33]} Kf4 {[%emt 0:00:19]} 63. Rd3 {[%emt 0:00:04]} Bf3 {[%emt 0:00:38]} 64. Rd2 {[%emt 0:00:08]} Ra6 {[%emt 0:01:03]} 65. Rd3 {[%emt 0:01:01]} Ra4+ {[%emt 0:00:25]} 66. Kc3 {[%emt 0:00:12]} Be4 {[%emt 0:00:09]} 67. Rd1 {[%emt 0:01:20]} Ra8 {[%emt 0:00:15]} 68. Rd2 {[%emt 0:00:23]} Ke5 {[%emt 0:00:14]} 69. Rd4 {[%emt 0:00:28]} Ra3+ {[%emt 0:01:15]} 70. Kb4 {[%emt 0:00:07]} Ra1 {[%emt 0:00:13]} 71. Rd2 {[%emt 0:00:13]} Rc1 {[%emt 0:00:30]} 72. Kb3 {[%emt 0:00:06]} Bd5+ {[%emt 0:00:19]} 73. Kb4 {[%emt 0:00:42]} Kd6 {[%emt 0:00:13]} 74. Rd4 {[%emt 0:00:16]} Rb1+ {[%emt 0:00:17]} 75. Kc3 {[%emt 0:00:03]} Kc5 {[%emt 0:00:12]} 76. Rd3 {[%emt 0:00:03]} Bc4 {[%emt 0:00:18]} 77. Re3 {[%emt 0:00:01]} Ra1 {[%emt 0:01:50]} 78. Re5+ {[%emt 0:00:05]} Bd5 {[%emt 0:00:05]} 79. Re3 {[%emt 0:00:03]} Rh1 {[%emt 0:00:24]} 80. Rg3 {[%emt 0:00:22]} Rh4 {[%emt 0:00:17]} 81. Rd3 {[%emt 0:00:18]} Rc4+ {[%emt 0:00:08]} 82. Kb2 {[%emt 0:00:03]} Rb4+ {[%emt 0:00:20]} 83. Kc3 {[%emt 0:00:01]} Bc4 {[%emt 0:00:40]} 84. Re3 {[%emt 0:00:01]} Ra4 {[%emt 0:00:12]} 85. Re5+ {[%emt 0:00:03]} Bd5 {[%emt 0:00:04]} 86. Re3 {[%emt 0:00:03]} Be4 {[%emt 0:00:06]} 87. Kb3 {[%emt 0:00:09]} Rb4+ {[%emt 0:00:07]} 88. Kc3 {[%emt 0:00:06]} Rc4+ {[%emt 0:00:03]} 89. Kb3 {[%emt 0:00:10]} Bc2+ {[%emt 0:00:14]} 90. Kb2 {[%emt 0:00:39]} Kd4 {[%emt 0:01:00]} 91. Re8 {[%emt 0:00:49]} Be4 {[%emt 0:00:55]} 92. Rd8+ {[%emt 0:00:04]} Bd5 {[%emt 0:00:06]} 93. Rd7 {[%emt 0:00:20]} Rc5 {[%emt 0:00:10]} 94. Rd8 {[%emt 0:00:41]} Kd3 {[%emt 0:00:13]} 95. Rb8 {[%emt 0:01:21]} Rc2+ {[%emt 0:00:23]} 96. Kb1 {[%emt 0:00:04]} Rd2 {[%emt 0:02:08]} 97. Rc8 {[%emt 0:02:12]} Rh2 {[%emt 0:01:54]} 98. Rd8 {[%emt 0:00:23]} Kc4 {[%emt 0:00:04]} 99. Kc1 {[%emt 0:00:46]} Be4 {[%emt 0:00:31]} 100. Rc8+ {[%emt 0:00:29]} Kd4 {[%emt 0:01:40]} 101. Rd8+ {[%emt 0:00:23]} Ke3 {[%emt 0:00:07]} 102. Rc8 {[%emt 0:00:16]} Bd3 {[%emt 0:00:12]} 103. Rc7 {[%emt 0:06:15]} Kd4 {[%emt 0:00:08]} 104. Kd1 {[%emt 0:00:31]} Bc4 {[%emt 0:00:14]} 105. Rd7+ {[%emt 0:00:55]} Kc3 {[%emt 0:00:13]} 106. Ke1 {[%emt 0:00:10]} Re2+ {[%emt 0:00:54]} 107. Kd1 {[%emt 0:00:05] [#]} Re8 $2 {[%emt 0:01:55]} (107... Re5 $1 108. Kc1 Ra5 109. Rb7 Ra2 110. Rb8 Ba6 111. Rb6 Bd3) 108. Rc7 $2 {[%emt 0:00:22][%mdl 8192]} (108. Kc1 $11 Ra8 109. Rb7 Ra2 110. Rb8 Ba6 111. Rb6 Bd3) 108... Rd8+ $2 {[%emt 0:00:31]} (108... Ra8 {mates} 109. Rxc4+ Kxc4 110. Ke2 Ra3 111. Kf2 Rd3 112. Ke2 Kc3 113. Ke1 Rd2 114. Kf1 Rc2 115. Ke1 Kd3 116. Kf1 Ke3 117. Kg1 Kf3 118. Kh1 Kg3 119. Kg1 Rc1#) 109. Kc1 $11 {[%emt 0:00:05]} Rh8 {[%emt 0:00:37]} 110. Rd7 {[%emt 0:00:07]} Ra8 {[%emt 0:00:34]} 1/2-1/2

[Event "3rd Gujarat GM Open 2022"]
[Site "Ahmedabad"]
[Date "2022.04.07"]
[Round "10.4"]
[White "Delgado Ramirez, Neuris"]
[Black "Nitin, S.."]
[Result "1/2-1/2"]
[WhiteElo "2615"]
[BlackElo "2427"]
[Annotator "TA"]
[PlyCount "65"]
[EventDate "2022.03.31"]
[EventType "swiss"]
[EventCountry "IND"]
[SourceTitle "playchess.com"]
[Source "ChessBase"]
[SourceQuality "1"]
[TimeControl "5400+30"]

{[%evp 28,65,0,0,0,0,0,8,14,-8,-8,-7,-9,-7,-7,-7,-5,-4,-6,-9,0,0,0,0,7,0,0,0,0,0,0,0,0,0,0,0,0,0,0,0]} 1. e4 {[%emt 1:31:00]} c5 {[%emt 1:31:00]} 2. Nf3 {[%emt 0:00:30]} d6 {[%emt 0:00:30]} 3. Bb5+ {[%emt 0:00:30]} Nd7 {[%emt 0:00:30]} 4. a4 {[%emt 0:00:30]} Ngf6 {[%emt 0:00:30]} 5. Nc3 {[%emt 0:00:30]} a6 {[%emt 0:00:30]} 6. Be2 {[%emt 0:00:30]} b6 {[%emt 0:00:30]} 7. d4 {[%emt 0:00:30]} cxd4 {[%emt 0:00:30]} 8. Qxd4 {[%emt 0:00:30]} e5 {[%emt 0:00:30]} 9. Qe3 {[%emt 0:00:30]} Be7 {[%emt 0:00:30]} 10. Bc4 {[%emt 0:00:30]} O-O {[%emt 0:00:30]} 11. Qe2 {[%emt 0:00:30]} Bb7 {[%emt 0:00:30]} 12. O-O {[%emt 0:00:30]} Nc5 {[%emt 0:00:30]} 13. Rd1 {[%emt 0:00:30]} b5 {[%emt 0:00:30]} 14. Ba2 {[%emt 0:00:30]} Qc7 {[%emt 0:00:30]} (14... Bxe4 15. Nxe4 (15. Nxe5 Bb7 $14) 15... Ncxe4 $16) 15. axb5 {[%emt 0:00:30]} Ncxe4 {[%emt 0:00:30]} 16. Nxe4 {[%emt 0:00:30]} Bxe4 {[%emt 0:00:30]} 17. Bg5 {[%emt 0:00:30]} Bb7 {[%emt 0:00:30]} (17... Bxc2 $2 18. Rdc1 axb5 19. Rxc2 $18) (17... Qxc2 18. Rd2 Qc7 19. Bxf6 (19. bxa6 Bc6 $14) 19... Bxf3 20. Qxf3 $16) (17... Bxf3 {feels hotter.} 18. Qxf3 e4 19. Qe2 axb5 20. c3 Rab8) 18. bxa6 {[%emt 0:00:30]} (18. Bxf6 {is more complex.} Bxf6 19. bxa6 Rxa6 20. Bxf7+ Qxf7 21. Rxa6 e4 22. Nd2) 18... Bxa6 {[%emt 0:00:30]} 19. Bxf7+ $1 {[%emt 0:00:30]} Rxf7 {[%emt 0:00:30]} 20. Rxa6 {[%emt 0:00:30]} Rxa6 {[%emt 0:00:30]} 21. Qxa6 {[%emt 0:00:30]} Qxc2 {[%emt 0:00:30]} 22. Qa1 {[%emt 0:00:30]} h6 {[%emt 0:00:30]} 23. Rc1 {[%emt 0:00:30]} Qf5 {[%emt 0:00:30]} (23... Qb3 {is interesting.} 24. Rc8+ Kh7 25. Qb1+ g6) 24. Bxf6 {[%emt 0:00:30]} Qxf6 {[%emt 0:00:30]} 25. b4 {[%emt 0:00:30]} Qg6 {[%emt 0:00:30]} 26. Qa8+ {[%emt 0:00:30]} Rf8 {[%emt 0:00:30]} 27. Qd5+ {[%emt 0:00:30]} Qf7 {[%emt 0:00:30]} 28. Qb7 {[%emt 0:00:30]} Bd8 {[%emt 0:00:30]} 29. Qe4 {[%emt 0:00:30]} Qf4 {[%emt 0:00:30]} 30. Qd5+ {[%emt 0:00:30]} Qf7 {[%emt 0:00:30]} 31. Qe4 {[%emt 0:00:30]} ({Don't go for} 31. Qxd6 $2 e4 32. Rc3 (32. Rc8 $2 Be7 $19) 32... Be7 $19) 31... Qf4 {[%emt 0:00:30]} 32. Qd5+ {[%emt 0:00:30]} Qf7 {[%emt 0:00:30]} 33. Qe4 {[%emt 0:00:30]} ({Wrong is} 33. Qxd6 $2 e4 34. Rc3 (34. Rc8 $2 Be7 $19) 34... Be7 $19) 1/2-1/2